<?xml version="1.0" encoding="UTF-8"?><?xml-stylesheet type="text/xsl" href="static/style.xsl"?><OAI-PMH xmlns="http://www.openarchives.org/OAI/2.0/" xmlns:xsi="http://www.w3.org/2001/XMLSchema-instance" xsi:schemaLocation="http://www.openarchives.org/OAI/2.0/ http://www.openarchives.org/OAI/2.0/OAI-PMH.xsd"><responseDate>2026-04-17T05:23:52Z</responseDate><request verb="GetRecord" identifier="oai:www.recercat.cat:2445/121916" metadataPrefix="marc">https://recercat.cat/oai/request</request><GetRecord><record><header><identifier>oai:recercat.cat:2445/121916</identifier><datestamp>2025-11-19T20:35:16Z</datestamp><setSpec>com_2072_1057</setSpec><setSpec>col_2072_478796</setSpec><setSpec>col_2072_478917</setSpec></header><metadata><record xmlns="http://www.loc.gov/MARC21/slim" xmlns:dcterms="http://purl.org/dc/terms/" xmlns:xsi="http://www.w3.org/2001/XMLSchema-instance" xmlns:doc="http://www.lyncode.com/xoai" xsi:schemaLocation="http://www.loc.gov/MARC21/slim http://www.loc.gov/standards/marcxml/schema/MARC21slim.xsd">
   <leader>00925njm 22002777a 4500</leader>
   <datafield ind2=" " ind1=" " tag="042">
      <subfield code="a">dc</subfield>
   </datafield>
   <datafield ind2=" " ind1=" " tag="720">
      <subfield code="a">Pérez de Benito, Joaquín F.</subfield>
      <subfield code="e">author</subfield>
   </datafield>
   <datafield ind2=" " ind1=" " tag="260">
      <subfield code="c">2018-04-27T07:49:16Z</subfield>
   </datafield>
   <datafield ind2=" " ind1=" " tag="260">
      <subfield code="c">2018-04-27T07:49:16Z</subfield>
   </datafield>
   <datafield ind2=" " ind1=" " tag="260">
      <subfield code="c">2017-01-21</subfield>
   </datafield>
   <datafield ind2=" " ind1=" " tag="260">
      <subfield code="c">2018-04-27T07:49:16Z</subfield>
   </datafield>
   <datafield ind2=" " ind1=" " tag="520">
      <subfield code="a">The complexation reaction of Cr(III) ion in the presence of a large excess of EDTA does not follow a pseudo-first-order kinetics as sometimes suggested. There are two causes for the deviation from this simple behavior: the involvement of a long-lived intermediate, precluding the application of the steady-state approximation, and the autoinhibition provoked by the release of hydrogen ions from the organic ligand to the medium as the final Cr(III)-EDTA violet complex is formed. Numerical simulations have allowed obtaining for each kinetic experiment the values of two rate constants, k1 (corresponding to the formation of the long-lived intermediate from the reactants) and k2 (corresponding to the formation of the final complex product from the long-lived intermediate), as well as the number of hydrogens liberated per molecule of final complex product formed (Hkin). The results indicate that k1 is associated to a fast step (Ea = 87 ± 4 kJ mol-1) and k2 to a slow step (Ea = 120 ± 2 kJ mol-1), whereas the number of hydrogen ions lies within the range 0 &lt; Hkin &lt; 2 in all the kinetic runs. A mechanism in accordance with the experimental data has been proposed.</subfield>
   </datafield>
   <datafield tag="653" ind2=" " ind1=" ">
      <subfield code="a">Crom</subfield>
   </datafield>
   <datafield tag="653" ind2=" " ind1=" ">
      <subfield code="a">Reaccions químiques</subfield>
   </datafield>
   <datafield tag="653" ind2=" " ind1=" ">
      <subfield code="a">Cinètica química</subfield>
   </datafield>
   <datafield tag="653" ind2=" " ind1=" ">
      <subfield code="a">Chromium</subfield>
   </datafield>
   <datafield tag="653" ind2=" " ind1=" ">
      <subfield code="a">Chemical reactions</subfield>
   </datafield>
   <datafield tag="653" ind2=" " ind1=" ">
      <subfield code="a">Chemical kinetics</subfield>
   </datafield>
   <datafield ind2="0" ind1="0" tag="245">
      <subfield code="a">Two Rate constant kinetic model for the chromium(III)-EDTA complexation reaction by numerical simulations</subfield>
   </datafield>
</record></metadata></record></GetRecord></OAI-PMH>